| 000 | 00460nam a2200181Ia 4500 | ||
|---|---|---|---|
| 001 | 29718 | ||
| 003 | IN-NITTTR | ||
| 005 | 20251114233404.0 | ||
| 008 | 251113s9999||||xx |||||||||||||| ||eng|| | ||
| 040 | _beng | ||
| 040 | _cIN-NITTTR | ||
| 041 | _aeng | ||
| 082 | _a6201064 D93F | ||
| 100 | _aDurbin, Paul A. | ||
| 245 | 0 |
_aFluid dynamics with a computational perspectives / _cDurbin, Paul A., Medic, Gorazd |
|
| 700 | _a Medic, Gorazd | ||
| 942 |
_2ddc _cBK |
||
| 999 |
_c32346 _d32346 |
||